000 00540cam a2200181 4500
001 2946
005 20181127170123.0
008 120127s2012 ii b 000 1 eng
010 _a 2012335221
020 _a9788129119414
100 1 _aVarma, Pavan K.,
_d1953-
245 1 0 _aWhen loss is gain /
_cPavan K. Varma.
260 _aNew Delhi :
_bRain Tree,
_c2012.
300 _a206, [1] p. ;
_c23 cm.
504 _aIncludes bibliographical references (p. [207]).
651 _aBhutan -- Fiction.
_v
_x
_y
_z
_2
651 _aIndia -- Fiction.
_v
_x
_y
_z
_2
999 _c2367
_d2367